El gran poder de las pequeñas ideas / (Registro nro. 8769)

Detalles MARC
000 -CABECERA
Campo de control interno 01729nam a2200241Ia 4500
008 - ELEMENTOS DE LONGITUD FIJA - INFORMACIÓN GENERAL
Campo de control de longitud fija 260220t1999||||xx |||||||||||||| ||spa||
040 ## - FUENTE DE CATALOGACIÓN
Agencia de catalogación original PY-SlUNAC
Idioma de catalogación spa
Convenciones de descripción rda
041 ## - CÓDIGO DE IDIOMA
Código de idioma para texto/pista de sonido o título separado spa
082 ## - NÚMERO DE CLASIFICACIÓN DECIMAL DEWEY
Clasificación Decimal Dewey (CDD) 658.022
Clasificación Expansiva de Cutter (EC) D84g
100 ## - ASIENTO PRINCIPAL - NOMBRE PERSONAL
Nombre personal Drucker, Peter
Rol del autor Autor
245 #0 - TÍTULO
Título El gran poder de las pequeñas ideas /
Mención de responsabilidad por Peter Drucker [Autor]
264 ## - PIE DE IMPRENTA
Lugar Buenos Aires :
Editorial Sudamericana,
Año ℗1999.
300 ## - DESCRIPCIÓN FÍSICA
Páginas 1 volumen
520 ## - NOTA DE RESUMEN
Nota de resumen En "El gran poder de las pequeñas ideas", Peter Drucker explora la importancia de las innovaciones modestas en el ámbito empresarial y social, argumentando que las grandes transformaciones a menudo surgen de pequeñas iniciativas. A través de una serie de ejemplos prácticos y análisis de casos, Drucker sostiene que las pequeñas ideas pueden generar cambios significativos y sostenibles, y que su implementación es más accesible y menos arriesgada que las grandes revoluciones. Además, el autor enfatiza la necesidad de un enfoque sistemático para identificar y desarrollar estas pequeñas ideas, sugiriendo que la creatividad puede ser cultivada en todos los niveles organizativos. Drucker también aborda el papel de la cultura empresarial y la gestión en la promoción de un entorno propicio para la innovación. En última instancia, el libro invita a los líderes y emprendedores a reconocer y valorar el potencial de las pequeñas ideas como motor de progreso y adaptación en un mundo en constante cambio.
653 ## - MATERIA - TÉRMINO TEMÁTICO NO CONTROLADO (PALABRAS CLAVE)
Materia - término temático no controlado (palabras clave) Desarrollo económico
653 ## - MATERIA - TÉRMINO TEMÁTICO NO CONTROLADO (PALABRAS CLAVE)
Materia - término temático no controlado (palabras clave) Innovación
653 ## - MATERIA - TÉRMINO TEMÁTICO NO CONTROLADO (PALABRAS CLAVE)
Materia - término temático no controlado (palabras clave) Pequeñas y medianas empresas
942 ## - ELEMENTOS PERSONALIZADOS (KOHA)
Fecha catalogación 2026/02/17
Tipo de documento Libros
Existencias
Fuente de Clasificacion Colección Ubicacion permanente Biblioteca actual Fecha de Ingreso a la Biblioteca Origen de adquisición Código de ubicación Código de barras Tipo de Item KOHA Nota pública
Dewey Decimal Classification Colección General (CG) Biblioteca e Internet, Facultad de Ciencias Exactas y Naturales Biblioteca e Internet, Facultad de Ciencias Exactas y Naturales 02/20/2026 Donación 658.022 D84g CG2129 Libros Material disponible en la Biblioteca e Intenet, Campus UNA, San Lorenzo.